| 000 | 00600nam a22001697a 4500 | ||
|---|---|---|---|
| 999 |
_c63856 _d63856 |
||
| 005 | 20260206165638.0 | ||
| 008 | 260206s2011 gw ||||| |||| 00| 0 goh d | ||
| 020 | _a9783823366669x | ||
| 041 | _agoh | ||
| 080 | _a811.112.1 S-99 | ||
| 100 |
_aSzczepaniak, Renata _926818 |
||
| 245 |
_aGrammatikalisierung im Deutschen: _bEine Einführung. 2., Uberarbeitete und erweiterte Auflage / _c Renata Szczepaniak. |
||
| 264 |
_aTubinngen : _bNarr Verlag, _c2011. |
||
| 300 |
_a220 p.; _b24 cm. |
||
| 653 | _aგერმანული ენის გრამატიკა | ||
| 942 |
_2udc _cᲬᲘᲒᲜᲘ |
||